Estatísticas para Os 15 principais países afetados pela Covid-19 - 9 de março 2022

Clique aqui para jogar o quiz

Estatísticas Gerais

  • Esse quiz foi jogado 9 vezes
  • A pontuação média é 16 de 29

Estatísticas das Respostas

país% Correto
Brasil
100%
Estados Unidos
100%
Itália
100%
Argentina
89%
Espanha
89%
França
89%
Índia
89%
Rússia
89%
Alemanha
78%
Indonésia
67%
Países Baixos
67%
Países Baixos
67%
Reino Unido
67%
Colômbia
56%
Portugal
56%
Suíça
56%
Bélgica
44%
Turquia
44%
Áustria
33%
Irão
33%
Israel
33%
Chéquia
22%
Dinamarca
22%
Eslovénia
22%
Estônia
22%
Geórgia
22%
Letónia
22%
Lituânia
22%
Bahrein
0%

Distribuição das Pontuações

Percentil de Números Respondidos

Porcentagem de Pessoas com Cada Pontuação

Sua Pontuação Histórica

Você não jogou esse quiz